Holiday Quiz

Random Holiday or Song Quiz

Figure Out the Lyrics (Christmas Edition) Quiz Stats

 Plays Quiz Updated Dec 4, 2012

Score 0/59 Timer 04:00
2 Plays Today
% Correct
a
96.1%
a
96.1%
a
96.1%
the
95%
the
95%
the
95%
the
95%
O
89.8%
is
84.7%
is
84.7%
it
84.3%
it
84.3%
in
83.9%
in
83.9%
to
83.1%
to
83.1%
we
82.1%
on
81.9%
snow
81.1%
and
79.7%
all
79.2%
all
79.2%
What
77.2%
what
77.2%
Bells
76.8%
bells,
76.8%
bells.
76.8%
way.
76.6%
way.
76.6%
one
76.2%
% Correct
one
76.2%
sleigh.
75.7%
sleigh.
75.7%
go
75.6%
horse
75.1%
horse
75.1%
Jingle
75.1%
jingle
75.1%
Jingle
75.1%
ride
75%
open
74.9%
open
74.9%
fun
73.9%
fun
73.9%
through
71.7%
ride
71.6%
laughing
70.5%
Dashing
70.2%
O'er
68.2%
fields
67.9%
ring
67.1%
sing
66.1%
Making
65.1%
song
64.9%
tonight.
64.4%
spirits
64.3%
bobtail
62.9%
bright.
61.6%
sleighing
58.2%

You're not logged in!

Compare scores with friends on all Sporcle quizzes.
OR
Log In

Sporcle TV

Today on Sporcle TV


Watch our educational content, quiz creation guides, and fun videos on Sporcle TV.

Show Comments

Extras

Top Quizzes Today


Score Distribution

Your Account Isn't Verified!

In order to create a playlist on Sporcle, you need to verify the email address you used during registration. Go to your Sporcle Settings to finish the process.

Report this User

Report this user for behavior that violates our Community Guidelines.

Details: